Bailey and scott's diagnostic microbiology (Record no. 395205)

MARC details
000 -LEADER
fixed length control field 00535 a2200205 4500
005 - DATE & TIME
control field 20260116152233.0
008 - FIXED-LENGTH DATA ELEMENTS--GENERAL INFORMATION
fixed length control field 260115b |||||||| |||| 00| 0 eng d
020 ## - ISBN
International Standard Book Number 9780443118913
Price $ 142.99
040 ## - CATALOGING SOURCE
Original cataloging agency VIVEKANANDA LIBRARY
082 ## - DDC NUMBER
Classification number 616.07
Book Number T463B(16)
100 ## - MAIN ENTRY--PERSONAL NAME
Personal name Tille, Patricia M
245 ## - TITLE STATEMENT
Title Bailey and scott's diagnostic microbiology
250 ## - EDITION STATEMENT
Edition statement 16th
260 ## - PUBLICATION, DISTRIBUTION, ETC. (IMPRINT)
Name of publisher, distributor, etc Elsevier
Date of publication, distribution, etc 2026
Place of publication, distribution, etc Missouri
300 ## - PHYSICAL DESCRIPTION
Pages xiv, 1205
650 ## - Subject
Subject Microbiology
650 ## - Subject
Subject Medical Microbiology
650 ## - Subject
Subject Medical Technology
942 ## - ADDED ENTRY ELEMENTS (KOHA)
Koha item type Books
Holdings
Withdrawn status Lost status Source of classification or shelving scheme Damaged status Not for loan Location (home branch) Sublocation or collection (holding branch) Shelving location Date acquired Koha issues (times borrowed) Koha full call number Accession No. Koha date last seen Koha item type
    Dewey Decimal Classification     VIVEKANANDA LIBRARY VIVEKANANDA LIBRARY Vivekananda Library 17/12/2025   616.07 T463B(16) 443724 17/12/2025 Books
© Designed and Maintained by Vivekananda Library, MDU Rohtak